[Event "Titled Tuesday intern op 09th Apr Late"]
[Site "Chess.com INT"]
[Date "2024.04.09"]
[Round "3"]
[White "Bujisho, Benjamin"]
[Black "Urazayev, Arystanbek"]
[Result "1-0"]
[WhiteElo "2343"]
[BlackElo "2471"]
[PlyCount "115"]
[EventDate "2024.04.09"]
[EventType "swiss (blitz)"]
[EventRounds "11"]
[EventCountry "USA"]
[SourceTitle "EXT 2025"]
[Source "ChessBase"]
[SourceDate "2024.10.14"]
[SourceVersion "1"]
[SourceVersionDate "2024.10.14"]
[SourceQuality "1"]

1. d4 Nf6 2. c4 g6 3. Nc3 Bg7 4. e4 d6 5. f4 c5 6. d5 e6 7. dxe6 Bxe6 8. Nf3 0-0 9. Bd3 Nc6 10. f5 Bd7 11. 0-0 Ng4 12. Nd5 Nge5 13. Nxe5 Bxe5 14. f6 Nb4 15. Bg5 Nxd5 16. cxd5 Re8 17. Qe1 Bd4+ 18. Kh1 Re5 19. Qh4 b5 20. g4 c4 21. Bc2 Qe8 22. Rae1 Bxb2 23. Bf4 Rc8 24. Re3 h5 25. Bxe5 Qxe5 26. gxh5 Qxh5 27. Qxh5 gxh5 28. Rg3+ Kf8 29. e5 Bxe5 30. Rg5 c3 31. Rxh5 Bxf6 32. Rxf6 Ke7 33. Rf4 Rc5 34. Rh7 Be8 35. Re4+ Kd7 36. Re3 b4 37. Rh8 Rxd5 38. Rhxe8 Rd2 39. Re2 Rd4 40. R8e7+ Kc6 41. Rxf7 a5 42. Rfe7 Rh4 43. Kg2 Kc5 44. h3 Rh8 45. Kg3 d5 46. h4 d4 47. R7e5+ Kc4 48. h5 Rd8 49. R5e4 Kb5 50. Rf2 d3 51. Rf5+ Kc6 52. Ba4+ Kd6 53. Rd4+ Ke6 54. Rxd8 c2 55. Bxc2 dxc2 56. Rc8 Kxf5 57. Rxc2 Kg5 58. Rc5+ 1-0

[Event "Titled Tuesday intern op 30th Jan Late"]
[Site "Chess.com INT"]
[Date "2024.01.30"]
[Round "1"]
[White "Bujisho, Benjamin"]
[Black "Souza Neves, Andrey Marcelo"]
[Result "1-0"]
[WhiteElo "2339"]
[BlackElo "2129"]
[PlyCount "127"]
[EventDate "2024.01.30"]
[EventType "swiss (blitz)"]
[EventRounds "11"]
[EventCountry "USA"]
[SourceTitle "EXT 2025"]
[Source "ChessBase"]
[SourceDate "2024.10.14"]
[SourceVersion "1"]
[SourceVersionDate "2024.10.14"]
[SourceQuality "1"]

1. d4 d5 2. c4 e6 3. Nc3 Nf6 4. cxd5 exd5 5. Bg5 c6 6. e3 Be7 7. Bd3 0-0 8. Qc2 h6 9. Bh4 Re8 10. Nge2 b5 11. 0-0 a5 12. a4 b4 13. Nb1 Ba6 14. Nd2 Bxd3 15. Qxd3 Ne4 16. Bxe7 Qxe7 17. Rac1 f5 18. Nxe4 fxe4 19. Qc2 Rf8 20. Qc5 Qe8 21. Qb6 Rf6 22. Qb7 Ra6 23. Rc2 Rf7 24. Qxa6 Nxa6 25. Rfc1 Rf6 26. b3 g5 27. h3 Nb8 28. Ng3 Qf7 29. Rd2 h5 30. Rc5 h4 31. Nf1 Qc7 32. Nh2 Nd7 33. Rc1 Rg6 34. Ng4 Kg7 35. Rdc2 c5 36. dxc5 Ne5 37. Nxe5 Qxe5 38. c6 Qc7 39. Rc5 g4 40. hxg4 Rxg4 41. Rxd5 Kf6 42. Rd7 Qc8 43. Kf1 h3 44. gxh3 Rh4 45. c7 Rxh3 46. Rd8 Qg4 47. Rc6+ Ke7 48. Re8+ Kf7 49. Rf8+ Kg7 50. Rg8+ Kxg8 51. c8Q+ Qxc8 52. Rxc8+ Kf7 53. Rc5 Ke6 54. Rxa5 Rh1+ 55. Kg2 Rb1 56. Rb5 Rxb3 57. a5 Kd6 58. a6 Kc6 59. a7 Ra3 60. Rxb4 Rxa7 61. Rxe4 Rh7 62. Rd4 Rg7+ 63. Kf3 Rf7+ 64. Ke2 1-0

[Event "Titled Tuesday intern op 16th Jan Late"]
[Site "Chess.com INT"]
[Date "2024.01.16"]
[Round "4"]
[White "Kramnik, Vladimir"]
[Black "Bujisho, Benjamin"]
[Result "1-0"]
[WhiteElo "2753"]
[BlackElo "2353"]
[PlyCount "159"]
[EventDate "2024.01.16"]
[EventType "swiss (blitz)"]
[EventRounds "11"]
[EventCountry "USA"]
[SourceTitle "CBM 218 Extra"]
[Source "ChessBase"]
[SourceDate "2024.03.31"]
[SourceVersion "1"]
[SourceVersionDate "2024.03.31"]
[SourceQuality "1"]

1. e4 c6 2. d4 g6 3. Nf3 d5 4. exd5 cxd5 5. Ne5 Nf6 6. Bb5+ Nbd7 7. 0-0 Bg7 8. Re1 0-0 9. Nc3 a6 10. Bf1 e6 11. a4 Nxe5 12. dxe5 Nd7 13. Bf4 b6 14. Qd2 Bb7 15. Bg3 Rc8 16. Rad1 Qc7 17. Qf4 Nc5 18. f3 Rfd8 19. h4 h5 20. Ne2 Nd7 21. Nd4 Nb8 22. c3 Nc6 23. Qg5 Nxd4 24. Rxd4 Re8 25. Kh2 Qe7 26. Rb4 Qxg5 27. hxg5 Rc6 28. Bf2 Bf8 29. Rxb6 Rxb6 30. Bxb6 Be7 31. f4 Bc6 32. a5 Bb7 33. b4 Rc8 34. Bd4 Kf8 35. Rb1 Bd8 36. Ra1 Ra8 37. Bb6 Ke8 38. Bxd8 Kxd8 39. Kg3 Kd7 40. Kf2 Bc6 41. Ke3 Bb5 42. Kd4 Kc6 43. Bd3 Bxd3 44. Kxd3 Kb5 45. g3 Rc8 46. Rh1 Rc4 47. Rf1 Re4 48. Rh1 Rc4 49. Re1 h4 50. gxh4 Rxf4 51. Rh1 d4 52. cxd4 Kxb4 53. Ke3 Rg4 54. Rb1+ Kxa5 55. Rb7 Rxh4 56. Rxf7 Kb5 57. Rf6 a5 58. Rxe6 a4 59. Re8 a3 60. Ra8 Kb4 61. Rb8+ Kc3 62. Rc8+ Kb2 63. e6 Rh1 64. Rb8+ Kc2 65. d5 a2 66. Ra8 Kb2 67. Kd4 Rh3 68. e7 Ra3 69. Rxa3 Kxa3 70. e8Q a1Q+ 71. Kc4 Qc1+ 72. Kb5 Qb2+ 73. Kc6 Qc1+ 74. Kd7 Qxg5 75. Qe7+ Qxe7+ 76. Kxe7 g5 77. d6 g4 78. d7 g3 79. d8Q g2 80. Qd1 1-0

[Event "Titled Tuesday intern op 17th Oct Late"]
[Site "Chess.com INT"]
[Date "2023.10.17"]
[Round "3"]
[White "Bujisho, Benjamin"]
[Black "Gokerkan, Cem Kaan"]
[Result "1/2-1/2"]
[WhiteElo "2346"]
[BlackElo "2515"]
[PlyCount "94"]
[EventDate "2023.10.17"]
[EventType "swiss (blitz)"]
[EventRounds "11"]
[EventCountry "USA"]
[SourceTitle "EXT 2025"]
[Source "ChessBase"]
[SourceDate "2024.10.14"]
[SourceVersion "1"]
[SourceVersionDate "2024.10.14"]
[SourceQuality "1"]

1. d4 Nf6 2. Bg5 d5 3. Nd2 Nbd7 4. e3 h6 5. Bh4 c5 6. c3 e6 7. Bd3 Be7 8. Ngf3 b6 9. 0-0 Bb7 10. Re1 0-0 11. a3 Ne4 12. Bxe7 Qxe7 13. Bc2 Rad8 14. Nxe4 dxe4 15. Nd2 Nf6 16. Qe2 e5 17. dxc5 Qxc5 18. Rad1 Qc6 19. h3 Rd7 20. Nf1 Rfd8 21. Rxd7 Rxd7 22. Rd1 Rxd1 23. Bxd1 Nd7 24. Ng3 Nc5 25. Bc2 g6 26. h4 h5 27. Qc4 Ba6 28. Bxe4 Qf6 29. Qd5 Bb7 30. Qc4 Bxe4 31. Nxe4 Qxh4 32. Nd6 Qe7 33. Qd5 Na4 34. Nc4 e4 35. Ne5 Kg7 36. Qxe4 Nxb2 37. Qd4 Qf6 38. f4 b5 39. Qxa7 Na4 40. Qd4 Kg8 41. Nd7 Qc6 42. Nf6+ Kf8 43. Qd8+ Kg7 44. Ne8+ Kh7 45. Nf6+ Kg7 46. Ne8+ Kh7 47. Nf6+ Kg7 1/2-1/2

[Event "Titled Tuesday intern op 17th Oct Late"]
[Site "Chess.com INT"]
[Date "2023.10.17"]
[Round "1"]
[White "Hoffmann, Asa"]
[Black "Bujisho, Benjamin"]
[Result "0-1"]
[WhiteElo "2185"]
[BlackElo "2346"]
[PlyCount "78"]
[EventDate "2023.10.17"]
[EventType "swiss (blitz)"]
[EventRounds "11"]
[EventCountry "USA"]
[SourceTitle "EXT 2025"]
[Source "ChessBase"]
[SourceDate "2024.10.14"]
[SourceVersion "1"]
[SourceVersionDate "2024.10.14"]
[SourceQuality "1"]

1. d4 d6 2. e4 Nf6 3. f3 e5 4. Ne2 Nc6 5. Be3 Be7 6. d5 Nb8 7. c4 Nbd7 8. Nbc3 0-0 9. g4 a5 10. Qd2 Nc5 11. h4 c6 12. h5 cxd5 13. cxd5 b5 14. Nxb5 Ba6 15. Nec3 Nfd7 16. Be2 a4 17. Kf2 Rb8 18. Rab1 Qa5 19. b4 axb3 20. axb3 Qb4 21. Nc7 Bxe2 22. Nxe2 Qxd2 23. Bxd2 Nxb3 24. Be3 Ndc5 25. Bxc5 Nxc5 26. Nb5 h6 27. Ng3 g6 28. hxg6 fxg6 29. Rxh6 Kg7 30. Rhh1 Rb6 31. Nc3 Rfb8 32. Rxb6 Rxb6 33. Rb1 Ra6 34. Nge2 Ra3 35. Rb8 Bh4+ 36. Kg2 Be1 37. Nb5 Ra2 38. Nxd6 Rxe2+ 39. Kf1 Re3 0-1

[Event "Titled Tuesday intern op 10th Oct Late"]
[Site "Chess.com INT"]
[Date "2023.10.10"]
[Round "5"]
[White "Bujisho, Benjamin"]
[Black "Grigoriants, Sergey"]
[Result "1-0"]
[WhiteElo "2346"]
[BlackElo "2562"]
[PlyCount "77"]
[EventDate "2023.10.10"]
[EventType "swiss (blitz)"]
[EventRounds "11"]
[EventCountry "USA"]
[SourceTitle "EXT 2025"]
[Source "ChessBase"]
[SourceDate "2024.10.14"]
[SourceVersion "1"]
[SourceVersionDate "2024.10.14"]
[SourceQuality "1"]

1. d4 Nf6 2. Bg5 d5 3. Nd2 c6 4. c3 Bf5 5. Bxf6 exf6 6. g3 Be6 7. e3 Nd7 8. Ne2 Bd6 9. Bg2 h5 10. h4 f5 11. Nf4 Nf6 12. Nxe6 fxe6 13. f4 0-0 14. Nf3 g6 15. Ne5 Bxe5 16. fxe5 Ne4 17. Qf3 c5 18. 0-0-0 Rc8 19. Qf4 Qa5 20. Bxe4 fxe4 21. Qh6 Qxa2 22. Qxg6+ Kh8 23. Qh6+ Kg8 24. Qg6+ Kh8 25. Qxh5+ Kg7 26. Qg5+ Kh7 27. h5 Qa1+ 28. Kc2 Rf2+ 29. Rd2 Rxd2+ 30. Kxd2 Qxb2+ 31. Kd1 Qb1+ 32. Kd2 Qd3+ 33. Ke1 Qxc3+ 34. Ke2 Qc2+ 35. Ke1 Qc1+ 36. Ke2 Qc2+ 37. Ke1 Qc1+ 38. Ke2 Rg8 39. Qxg8+ 1-0

[Event "Titled Tuesday intern op 10th Oct Late"]
[Site "Chess.com INT"]
[Date "2023.10.10"]
[Round "7"]
[White "Mahdavi, Reza"]
[Black "Bujisho, Benjamin"]
[Result "1-0"]
[WhiteElo "2280"]
[BlackElo "2346"]
[PlyCount "79"]
[EventDate "2023.10.10"]
[EventType "swiss (blitz)"]
[EventRounds "11"]
[EventCountry "USA"]
[SourceTitle "EXT 2025"]
[Source "ChessBase"]
[SourceDate "2024.10.14"]
[SourceVersion "1"]
[SourceVersionDate "2024.10.14"]
[SourceQuality "1"]

1. e4 c5 2. Nf3 d6 3. d4 cxd4 4. Nxd4 Nf6 5. Nc3 g6 6. f3 Bg7 7. Be3 Nc6 8. Qd2 0-0 9. 0-0-0 d5 10. exd5 Nxd5 11. Nxc6 bxc6 12. Bd4 Bxd4 13. Qxd4 Qb6 14. Na4 Qa5 15. b3 Be6 16. Bc4 Rfd8 17. Qe5 Qb4 18. Kb2 Nb6 19. Nxb6 axb6 20. Rxd8+ Rxd8 21. Bxe6 fxe6 22. Qxe6+ Kf8 23. Qe5 Qd4+ 24. Qxd4 Rxd4 25. Kc3 c5 26. Re1 Kf7 27. a4 Kf6 28. a5 bxa5 29. Ra1 Rh4 30. h3 c4 31. bxc4 Rh5 32. Kd4 Ke6 33. c5 Rd5+ 34. Kc4 Rd2 35. c3 Rxg2 36. Rd1 Rb2 37. c6 Rb8 38. Kc5 a4 39. c7 Ra8 40. Rd8 1-0

[Event "Titled Tuesday intern op 10th Oct Late"]
[Site "Chess.com INT"]
[Date "2023.10.10"]
[Round "2"]
[White "Micic, Aleksa"]
[Black "Bujisho, Benjamin"]
[Result "0-1"]
[WhiteElo "2145"]
[BlackElo "2346"]
[PlyCount "130"]
[EventDate "2023.10.10"]
[EventType "swiss (blitz)"]
[EventRounds "11"]
[EventCountry "USA"]
[SourceTitle "EXT 2025"]
[Source "ChessBase"]
[SourceDate "2024.10.14"]
[SourceVersion "1"]
[SourceVersionDate "2024.10.14"]
[SourceQuality "1"]

1. e4 c5 2. Nf3 d6 3. d4 cxd4 4. Qxd4 Nc6 5. Qe3 g6 6. Be2 Bg7 7. 0-0 Nf6 8. h3 0-0 9. Rd1 Qc7 10. Nc3 a6 11. Nd5 Nxd5 12. exd5 Nb4 13. Ne1 Nxc2 14. Nxc2 Qxc2 15. Qxe7 Bf5 16. Bf3 Rfe8 17. Qxd6 Qxd1+ 18. Bxd1 Re1+ 19. Kh2 Be5+ 20. Qxe5 Rxe5 21. Bf3 Be4 22. Bf4 Rf5 23. Bxe4 Rxf4 24. Bf3 Rc8 25. Re1 Kf8 26. d6 Rd8 27. Re7 Rxd6 28. Rxb7 a5 29. Ra7 Rb4 30. Rxa5 Rxb2 31. Kg3 h5 32. Ra8+ Kg7 33. a4 Rd4 34. h4 Ra2 35. Bc6 Ra3+ 36. f3 Rd2 37. Ra7 Raa2 38. a5 Rxg2+ 39. Kf4 Rh2 40. Bd5 Ra4+ 41. Kg3 Rd2 42. Bxf7 Kf6 43. a6 Rd6 44. Be8 Raxa6 45. Rf7+ Ke6 46. Rf4 Rd8 47. Bxg6 Rg8 48. Re4+ Kf6 49. Rb4 Rxg6+ 50. Kf4 Re6 51. Rb8 Kf7 52. Rh8 Ref6+ 53. Ke4 Rh6 54. Ra8 Kg6 55. Rg8+ Kh7 56. Ra8 Rf7 57. f4 Re6+ 58. Kf3 Rb6 59. Ra5 Rb3+ 60. Ke4 Rb4+ 61. Ke3 Kg6 62. Rg5+ Kh6 63. f5 Rxh4 64. Rg6+ Kh7 65. Rg1 Rxf5 0-1

[Event "Titled Tuesday intern op 03rd Oct Late"]
[Site "Chess.com INT"]
[Date "2023.10.03"]
[Round "1"]
[White "Bujisho, Benjamin"]
[Black "Daroczi, Donat"]
[Result "1-0"]
[WhiteElo "2346"]
[BlackElo "2105"]
[PlyCount "63"]
[EventDate "2023.10.03"]
[EventType "swiss (blitz)"]
[EventRounds "11"]
[EventCountry "USA"]
[SourceTitle "EXT 2025"]
[Source "ChessBase"]
[SourceDate "2024.10.14"]
[SourceVersion "1"]
[SourceVersionDate "2024.10.14"]
[SourceQuality "1"]

1. d4 g6 2. e4 d6 3. Nc3 Bg7 4. Be3 a6 5. Qd2 b5 6. 0-0-0 Nf6 7. f3 h5 8. Kb1 b4 9. Nd5 Nxd5 10. exd5 a5 11. Bg5 Nd7 12. Bb5 0-0 13. g4 hxg4 14. fxg4 Nb6 15. Bc6 Bxg4 16. Re1 f6 17. Bh6 Rb8 18. h4 Nc4 19. Qf4 Bh5 20. Bxg7 Kxg7 21. Nf3 Bxf3 22. Rhg1 Bh5 23. b3 Na3+ 24. Kb2 Nb5 25. Re3 a4 26. Reg3 axb3 27. Qf5 Kf7 28. Rxg6 Rh8 29. Qxh5 Rxh5 30. Rg7+ Kf8 31. Rg8+ Kf7 32. R1g7# 1-0

[Event "Titled Tuesday intern op 03rd Oct Late"]
[Site "Chess.com INT"]
[Date "2023.10.03"]
[Round "3"]
[White "Haitin, Ilja"]
[Black "Bujisho, Benjamin"]
[Result "0-1"]
[WhiteElo "2284"]
[BlackElo "2346"]
[PlyCount "84"]
[EventDate "2023.10.03"]
[EventType "swiss (blitz)"]
[EventRounds "11"]
[EventCountry "USA"]
[SourceTitle "EXT 2025"]
[Source "ChessBase"]
[SourceDate "2024.10.14"]
[SourceVersion "1"]
[SourceVersionDate "2024.10.14"]
[SourceQuality "1"]

1. Nf3 g6 2. g3 Bg7 3. Bg2 e5 4. d3 d5 5. 0-0 Ne7 6. c4 d4 7. b4 0-0 8. a4 a5 9. b5 f6 10. Ba3 Re8 11. Nbd2 Be6 12. Nb3 Nd7 13. e3 dxe3 14. fxe3 Rb8 15. Qc2 b6 16. d4 Kh8 17. Rad1 Nf5 18. Rfe1 exd4 19. exd4 Bf7 20. Rxe8+ Qxe8 21. Re1 Qg8 22. d5 Re8 23. Qc1 Nd6 24. Bh3 Ne5 25. Nxe5 fxe5 26. Bd7 Re7 27. Bc6 e4 28. Bb2 e3 29. Bxg7+ Qxg7 30. Rxe3 Rxe3 31. Qxe3 Nxc4 32. Qg5 Qc3 33. Nc1 Qe1+ 34. Kg2 Ne3+ 35. Kh3 Qf1+ 36. Kh4 Nf5+ 37. Kg4 h5+ 38. Qxh5+ gxh5+ 39. Kg5 Qxc1+ 40. Kxf5 Qc2+ 41. Kf6 Bxd5 42. Bxd5 Qxa4 0-1

[Event "Titled Tuesday intern op 26th Sep Late"]
[Site "Chess.com INT"]
[Date "2023.09.26"]
[Round "2"]
[White "Bujisho, Benjamin"]
[Black "Ashraf, Artin"]
[Result "0-1"]
[WhiteElo "2346"]
[BlackElo "2340"]
[PlyCount "96"]
[EventDate "2023.09.26"]
[EventType "swiss (blitz)"]
[EventRounds "11"]
[EventCountry "USA"]
[SourceTitle "EXT 2024"]
[Source "ChessBase"]
[SourceDate "2023.10.10"]
[SourceVersion "1"]
[SourceVersionDate "2023.10.10"]
[SourceQuality "1"]

1. e4 g6 2. Nc3 Bg7 3. g3 d6 4. Bg2 Nf6 5. d3 0-0 6. h3 c5 7. Be3 Nc6 8. Qd2 Rb8 9. Bh6 b5 10. Bxg7 Kxg7 11. Nge2 b4 12. Nd1 Nd4 13. c3 bxc3 14. bxc3 Nxe2 15. Qxe2 Qa5 16. 0-0 Ba6 17. f4 Nd7 18. Rf2 Bb5 19. Rc1 Qa3 20. Qd2 Bxd3 21. Ne3 c4 22. Re1 Rb5 23. f5 Rfb8 24. Ng4 Rb2 25. Qh6+ Kg8 26. fxg6 hxg6 27. Qg5 Rxf2 28. Nxf2 Qxc3 29. Re3 Qc1+ 30. Kh2 Rb1 31. h4 Qg1+ 32. Kh3 Qxf2 33. Rf3 Rh1+ 34. Bxh1 Bf1+ 35. Kg4 Ne5+ 36. Qxe5 Qxf3+ 37. Kxf3 dxe5 38. Ke3 Bd3 39. Kd2 f5 40. exf5 gxf5 41. a4 e4 42. a5 e5 43. g4 f4 44. g5 e3+ 45. Kc3 e4 46. h5 f3 47. h6 f2 48. Bxe4 Bxe4 0-1

[Event "Titled Tuesday intern op 19th Sep Late"]
[Site "Chess.com INT"]
[Date "2023.09.19"]
[Round "2"]
[White "Bujisho, Benjamin"]
[Black "Yanchenko, Roman"]
[Result "0-1"]
[WhiteElo "2346"]
[BlackElo "2466"]
[PlyCount "54"]
[EventDate "2023.09.19"]
[EventType "swiss (blitz)"]
[EventRounds "11"]
[EventCountry "USA"]
[SourceTitle "EXT 2024"]
[Source "ChessBase"]
[SourceDate "2023.10.10"]
[SourceVersion "1"]
[SourceVersionDate "2023.10.10"]
[SourceQuality "1"]

1. d4 d5 2. c4 c6 3. Nc3 Nf6 4. Nf3 a6 5. cxd5 cxd5 6. Bf4 Nc6 7. e3 e6 8. Bd3 Bd6 9. Bg3 0-0 10. 0-0 b5 11. a3 Na5 12. Ne5 Nc4 13. Qe2 Bb7 14. f4 Nd7 15. Rae1 f5 16. Qh5 Nf6 17. Qh3 Rc8 18. Nd1 Nd2 19. Rf2 Nfe4 20. Rfe2 b4 21. Bh4 Qe8 22. g4 bxa3 23. bxa3 Bxe5 24. dxe5 fxg4 25. Qxg4 Qg6 26. Qxg6 Nf3+ 27. Kh1 hxg6 0-1

[Event "Angers op 16th"]
[Site "Angers"]
[Date "2023.05.20"]
[Round "4"]
[White "Bujisho, Benjamin"]
[Black "Roos, Adrian"]
[Result "1-0"]
[WhiteElo "2342"]
[BlackElo "2275"]
[PlyCount "135"]
[EventDate "2023.05.19"]
[EventType "swiss"]
[EventRounds "6"]
[EventCountry "FRA"]
[SourceTitle "CBM 214 Extra"]
[Source "ChessBase"]
[SourceDate "2023.07.31"]
[SourceVersion "1"]
[SourceVersionDate "2023.07.31"]
[SourceQuality "1"]

1. e4 c5 2. Nc3 a6 3. g3 b5 4. Bg2 Bb7 5. a4 b4 6. Nd5 e6 7. Ne3 Nf6 8. d3 d5 9. e5 Ng8 10. f4 g6 11. Nf3 h5 12. 0-0 Nc6 13. c3 Nh6 14. h4 Be7 15. Ng5 a5 16. Bh3 Qb6 17. Kh2 Bc8 18. Qe2 Bd7 19. Bd2 Rb8 20. Rae1 Nd8 21. Ra1 Bc6 22. c4 d4 23. Ng2 Nf5 24. b3 Kd7 25. Ne1 Kc7 26. Nef3 Kb7 27. Ne4 Ka7 28. Nfg5 Qc7 29. Rg1 Bb7 30. Be1 Nh6 31. Bf2 Nc6 32. Rge1 Rbe8 33. Kg1 Kb6 34. Rac1 Ka7 35. Kf1 Kb6 36. Red1 Ka7 37. Bg2 Ref8 38. Bh3 Re8 39. Kg1 Kb6 40. Rf1 Ka7 41. Rce1 Kb6 42. Qd2 Ka7 43. Re2 Kb6 44. Rfe1 Bc8 45. Bg2 Bb7 46. Bf3 Ref8 47. Rd1 Ka7 48. Qe1 Qd8 49. Qf1 Qc7 50. Qg2 Nd8 51. Rde1 Bc6 52. Kf1 Bb7 53. Qg1 Nc6 54. Nd6 Bxd6 55. exd6 Qxd6 56. Nxe6 fxe6 57. Rxe6 Qc7 58. Bxc6 Bxc6 59. Bxd4 Ka8 60. Bxh8 Rxh8 61. R1e5 Rc8 62. Rxc5 Qd7 63. Rxa5+ Kb8 64. Qb6+ Bb7 65. Qa7+ Kc7 66. Rc5+ Kd8 67. Qb6+ Rc7 68. Rd6 1-0

[Event "Angers op 16th"]
[Site "Angers"]
[Date "2023.05.19"]
[Round "1"]
[White "Bujisho, Benjamin"]
[Black "Garrigue, Julian"]
[Result "1/2-1/2"]
[WhiteElo "2342"]
[BlackElo "2117"]
[PlyCount "68"]
[EventDate "2023.05.19"]
[EventType "swiss"]
[EventRounds "6"]
[EventCountry "FRA"]
[SourceTitle "CBM 214 Extra"]
[Source "ChessBase"]
[SourceDate "2023.07.31"]
[SourceVersion "1"]
[SourceVersionDate "2023.07.31"]
[SourceQuality "1"]

1. d4 Nf6 2. c4 e6 3. Nf3 d5 4. e3 Be7 5. Nc3 b6 6. cxd5 exd5 7. Bd3 0-0 8. 0-0 Bb7 9. Bd2 Nbd7 10. Rc1 c5 11. Ne5 Ne4 12. Nxd7 Qxd7 13. dxc5 Nxc5 14. Bb5 Qd6 15. Ne2 a6 16. Ba4 Rad8 17. Nd4 Qg6 18. Bc2 f5 19. b4 Ne4 20. f3 Nd6 21. Bb3 Rc8 22. Rxc8 Rxc8 23. Qb1 Bf6 24. Rc1 Rxc1+ 25. Qxc1 f4 26. Ne2 fxe3 27. Bxe3 b5 28. Qc5 Nc4 29. Bxc4 dxc4 30. Qa7 Bxf3 31. Qb8+ Kf7 32. Qc7+ Ke8 33. Qb8+ Kf7 34. Qc7+ Ke8 1/2-1/2

[Event "Cappelle op 39th"]
[Site "Cappelle la Grande"]
[Date "2023.02.22"]
[Round "6"]
[White "Jolly, Jean Francois"]
[Black "Bujisho, Benjamin"]
[Result "1/2-1/2"]
[WhiteElo "2398"]
[BlackElo "2323"]
[PlyCount "71"]
[EventDate "2023.02.18"]
[EventType "swiss"]
[EventRounds "9"]
[EventCountry "FRA"]
[SourceTitle "CBM 213 Extra"]
[Source "ChessBase"]
[SourceDate "2023.05.31"]
[SourceVersion "1"]
[SourceVersionDate "2023.05.31"]
[SourceQuality "1"]

1. e4 c5 2. Nf3 d6 3. Bb5+ Bd7 4. Bxd7+ Qxd7 5. c4 Nc6 6. d4 cxd4 7. Nxd4 Nf6 8. Nc3 e6 9. 0-0 Be7 10. b3 0-0 11. Bb2 Rfd8 12. Re1 Nxd4 13. Qxd4 Ne8 14. Rad1 Qc6 15. Qe3 Bf6 16. Qg3 Qc5 17. Na4 Qc6 18. Bxf6 Nxf6 19. Nc3 a6 20. Rd4 b5 21. Red1 e5 22. Nd5 Nxd5 23. Rxd5 bxc4 24. Rc1 Rdb8 25. Qc3 Rc8 26. bxc4 Qb6 27. h4 h6 28. Qa3 Rc5 29. Qd3 Rd8 30. h5 Qc7 31. Rc3 a5 32. g3 Kh7 33. Kg2 Kg8 34. Kg1 Kh7 35. Kg2 Kg8 36. Kg1 1/2-1/2

[Event "Cappelle op 39th"]
[Site "Cappelle la Grande"]
[Date "2023.02.20"]
[Round "3"]
[White "Bujisho, Benjamin"]
[Black "Can, Isik"]
[Result "1/2-1/2"]
[WhiteElo "2323"]
[BlackElo "2509"]
[PlyCount "73"]
[EventDate "2023.02.18"]
[EventType "swiss"]
[EventRounds "9"]
[EventCountry "FRA"]
[SourceTitle "CBM 213 Extra"]
[Source "ChessBase"]
[SourceDate "2023.05.31"]
[SourceVersion "1"]
[SourceVersionDate "2023.05.31"]
[SourceQuality "1"]

1. d4 d5 2. c4 c6 3. cxd5 cxd5 4. Nc3 Nf6 5. Bf4 Nc6 6. e3 Bf5 7. Bd3 Bxd3 8. Qxd3 e6 9. Nf3 Be7 10. 0-0 Nh5 11. Be5 f6 12. Bg3 Nxg3 13. hxg3 f5 14. Rfc1 g5 15. Qb5 a6 16. Qa4 Kf7 17. Qb3 g4 18. Ne1 Na5 19. Qd1 h5 20. Ne2 h4 21. Nd3 Bd6 22. Nef4 Rh6 23. b3 Qh8 24. Qd2 Nc6 25. Kf1 hxg3 26. fxg3 Re8 27. Kf2 Nb8 28. Qa5 Re7 29. Rc2 Nd7 30. Rac1 Nf6 31. Rc8 Ne4+ 32. Ke2 Nxg3+ 33. Kd2 Ne4+ 34. Ke2 Ng3+ 35. Kd2 Ne4+ 36. Ke2 Re8 37. Qb6 1/2-1/2

[Event "Titled Tuesday intern op 14th Feb Late"]
[Site "Chess.com INT"]
[Date "2023.02.14"]
[Round "4"]
[White "Bujisho, Benjamin"]
[Black "Mikhalsky, Vladimir"]
[Result "1-0"]
[WhiteElo "2323"]
[BlackElo "2269"]
[PlyCount "91"]
[EventDate "2023.02.14"]
[EventType "swiss (blitz)"]
[EventRounds "11"]
[EventCountry "USA"]
[SourceTitle "CBM 212 Extra"]
[Source "ChessBase"]
[SourceDate "2023.03.31"]
[SourceVersion "1"]
[SourceVersionDate "2023.03.31"]
[SourceQuality "1"]

1. d4 Nf6 2. c4 g6 3. Nc3 Bg7 4. h4 d5 5. h5 Nxh5 6. cxd5 c6 7. dxc6 Nxc6 8. e3 Nf6 9. Nf3 0-0 10. Be2 a6 11. 0-0 Qc7 12. b3 Nxd4 13. Qxd4 Ng4 14. Nd5 Qd6 15. Qxg7+ Kxg7 16. Bb2+ f6 17. Rfd1 Ne5 18. Nxe5 fxe5 19. f4 Qc5 20. Bxe5+ Kf7 21. Rac1 Qa5 22. Rc7 Re8 23. a4 Be6 24. Bc4 Rac8 25. Rxb7 Rxc4 26. bxc4 Bxd5 27. cxd5 Qxa4 28. Rd3 Qe4 29. Rbb3 Rd8 30. Rd4 Qc2 31. Rbd3 Qb1+ 32. Kh2 Rd7 33. e4 Qb5 34. Rf3 a5 35. f5 g5 36. f6 exf6 37. Rxf6+ Ke8 38. Rd2 Rf7 39. Re6+ Kd7 40. Rc2 Qd3 41. Rd6+ Ke7 42. Rc7+ Ke8 43. Re6+ Kd8 44. Rxf7 Qxe4 45. Bf6+ Kc8 46. Rxe4 1-0

[Event "Titled Tuesday intern op 07th Feb Late"]
[Site "Chess.com INT"]
[Date "2023.02.07"]
[Round "2"]
[White "Bujisho, Benjamin"]
[Black "Babazada, Khazar Araz"]
[Result "0-1"]
[WhiteElo "2323"]
[BlackElo "2481"]
[PlyCount "86"]
[EventDate "2023.02.07"]
[EventType "swiss (blitz)"]
[EventRounds "11"]
[EventCountry "USA"]
[SourceTitle "EXT 2024"]
[Source "ChessBase"]
[SourceDate "2023.10.10"]
[SourceVersion "1"]
[SourceVersionDate "2023.10.10"]
[SourceQuality "1"]

1. d4 Nf6 2. c4 g6 3. Nc3 Bg7 4. e4 d6 5. f4 0-0 6. Nf3 c5 7. d5 e6 8. dxe6 Bxe6 9. Bd3 Nc6 10. f5 Bd7 11. 0-0 Ng4 12. Bg5 Qb6 13. Nd5 Qxb2 14. Rb1 Qa3 15. Rxb7 Bc8 16. Rc7 Nb4 17. f6 Nxf6 18. Nxf6+ Bxf6 19. Bxf6 Qxd3 20. Qc1 Nc2 21. Re1 Nxe1 22. Qh6 Nxf3+ 23. gxf3 Qd4+ 24. Bxd4 cxd4 25. Qd2 Be6 26. Qxd4 Rfc8 27. Qxd6 Bxc4 28. a4 Be6 29. a5 Rd8 30. Qc5 a6 31. f4 Rd1+ 32. Kf2 Rad8 33. f5 R8d2+ 34. Ke3 Rd3+ 35. Kf4 gxf5 36. exf5 Rf1+ 37. Kg5 Rxf5+ 38. Qxf5 Bxf5 39. Kxf5 Kg7 40. Ke5 Rh3 41. Kd6 Rh6+ 42. Kd7 Rh5 43. Ke8 Re5+ 0-1

[Event "FRA-ch Accession"]
[Site "Albi"]
[Date "2022.08.15"]
[Round "3"]
[White "Lucas, Arthur"]
[Black "Bujisho, Benjamin"]
[Result "1/2-1/2"]
[WhiteElo "2367"]
[BlackElo "2315"]
[PlyCount "76"]
[EventDate "2022.08.13"]
[EventType "swiss"]
[EventRounds "9"]
[EventCountry "FRA"]
[SourceTitle "CBM 210 Extra"]
[Source "ChessBase"]
[SourceDate "2022.11.30"]
[SourceVersion "1"]
[SourceVersionDate "2022.11.30"]
[SourceQuality "1"]

1. e4 c6 2. Nc3 d5 3. Nf3 Bg4 4. h3 Bxf3 5. Qxf3 e6 6. g3 Nf6 7. Bg2 dxe4 8. Nxe4 Nxe4 9. Qxe4 Qd5 10. 0-0 Qxe4 11. Bxe4 Nd7 12. d4 Be7 13. c4 0-0 14. Be3 Rfd8 15. Rad1 Nb6 16. b3 Rd7 17. Rd3 Rad8 18. Rfd1 f5 19. Bf3 e5 20. Be2 e4 21. R3d2 Bb4 22. Rc2 Bc5 23. Rcd2 Bb4 24. Rc2 Bc5 25. Bg5 Be7 26. Bxe7 Rxe7 27. f3 Nc8 28. fxe4 Rxe4 29. Rcd2 Ree8 30. Bf3 Nd6 31. c5 Ne4 32. Bxe4 fxe4 33. Re1 e3 34. Rd3 Kf7 35. Kf1 Re4 36. Rexe3 Rxe3 37. Rxe3 Rxd4 38. Ke2 Rd5 1/2-1/2